| 000 | 00655nam a2200193Ia 4500 | ||
|---|---|---|---|
| 003 | GCL | ||
| 008 | 140319s9999 xx 000 0 ara d | ||
| 040 |
_aGCL / _cGCL |
||
| 082 | 0 | 4 |
_a343.053 _bع س |
| 100 | 1 |
_aعبدالفتاح مراد _vReviewer _@ _٠راجع |
|
| 245 | 1 | 0 |
_aشرح قوانين الشهر العقارى / _cعبدالفتاح مراد |
| 700 | 1 | _aعبدالحميد المنشاوى | |
| 260 |
_a[S.N] : _bلجنة الاعلام والدراسات المستقبلية ، _c1992 |
||
| 490 | _a | ||
| 650 | 0 | 4 | _aالقانون |
| 650 | 0 | 4 | _aقوانين وتشريعات |
| 650 | 0 | 4 | _aتشريعات |
| 942 |
_2ddc _cBK |
||
| 999 |
_c37225 _d37225 |
||